Sabrina Carpenter - Taste Lyrics - Statistics

General Stats
  • This quiz has been taken 270 times
    235 since last reset
  • The average score is 252 of 302
Answer Stats
Answer % Correct
I
99%
(I
99%
you
98%
You
98%
an
97%
to
97%
be
96%
taste
96%
Taste
96%
when
96%
your
96%
me
95%
He
94%
he
94%
have
93%
if
92%
If
92%
I'm
92%
just
92%
Just
92%
and
91%
And
91%
he's
91%
He's
91%
kissin'
91%
Oh
91%
that
91%
You'll
91%
you'll
91%
You're
91%
you're
91%
heard
90%
back
89%
the
89%
together
89%
true
89%
his
88%
feet
87%
Five
87%
know
87%
that's
87%
who
87%
do
86%
do)
86%
on
86%
impression
85%
My
85%
want
85%
exact
84%
forever
84%
leave
84%
too
84%
where
84%
quite
83%
no
82%
at
81%
but
80%
clothes
80%
(La
80%
la
80%
la)
80%
La
80%
missin'
79%
wonderin'
79%
bet
78%
still
78%
why
78%
gone
77%
Next
77%
Now
77%
now
77%
there
77%
body's
76%
went
75%
layin'
74%
of
73%
one
73%
separation
72%
they're
72%
was
72%
with
72%
all
71%
already
71%
carpet
71%
from?
71%
Makes
70%
time
70%
been
69%
degree
69%
Every
69%
every
69%
tongue
68%
Guess
67%
mine
67%
feel
66%
it
66%
I've
66%
learned
66%
lips
66%
or
66%
can
65%
down
65%
twice
65%
jokes
64%
once
64%
close
63%
him
63%
paintings
63%
share
63%
Yeah
63%
yeah
63%
feelin'
62%
known
62%
air
61%
done
61%
eyes
61%
half
61%
like
61%
different
59%
funny
59%
breathe
58%
hit
58%
Well
58%
pins
57%
care
56%
don't
56%
mean
53%
ah
48%
singin'
46%
'bout
44%
Uh
42%
huh
35%
ow
13%
No matching quizzes found
Score Distribution
Percent of People with Each Score
Percentile by Number Answered
Your Score History
You have not taken this quiz since the last reset